Ship of gold in the deep blue sea /

Bibliographic Details
Main Author: Kinder, Gary
Format: Book
Language:English
Published: New York : Vintage Books, 1999.
Edition:1st Vintage Books ed.
Subjects:

MARC

Tag First Indicator Second Indicator Subfields
LEADER 00000pam a2200000 a 4500
001 in00002000237
005 20151031123635.0
008 981118r19991998nyua 001 0 eng
010 |a  98052933  
020 |a 0375703373 (pbk.) :  |c $14.00 
035 |a (OCoLC)ocm40467381 
040 |a DLC  |c DLC  |d IG#  |d TXA  |d UtOrBLW 
043 |a ln----- 
049 |a TXAM 
050 1 0 |a G530.C4  |b K56 1999 
082 0 0 |a 910/.91631  |2 21 
090 |a G530.C4  |b K55 1999 
100 1 |a Kinder, Gary. 
245 1 0 |a Ship of gold in the deep blue sea /  |c Gary Kinder. 
250 |a 1st Vintage Books ed. 
264 1 |a New York :  |b Vintage Books,  |c 1999. 
300 |a xvi, 536 pages :  |b illustrations (some color) ;  |c 21 cm. 
336 |a text  |b txt  |2 rdacontent 
337 |a unmediated  |b n  |2 rdamedia 
338 |a volume  |b nc  |2 rdacarrier 
610 2 0 |a Central America (Ship) 
650 0 |a Shipwrecks  |z North Atlantic Ocean. 
650 0 |a Survival. 
650 0 |a Shipwreck survival. 
650 0 |a Survival at sea. 
650 0 |a Airplane crash survival. 
948 |a cataloged  |b h  |c 2004/10/18  |d c  |e rdavis  |f 7:12:57 am 
994 |a E0  |b TXA 
999 |a MARS 
999 f f |s 64b417c7-2eb5-3008-bf42-e83e8639467f  |i 85246bea-5ed4-3be8-b360-951a39ad1d5b  |t 0 
952 f f |p noncirc  |a Texas A&M University  |b College Station  |c Sterling C. Evans Library  |d Bodrum (located in Turkey)  |t 0  |e G530.C4 K55 1999  |h Library of Congress classification  |i unmediated -- volume 
998 f f |a G530.C4 K55 1999  |t 0  |l Bodrum (located in Turkey)